000 01870cam a22003977a 4500
999 _c28920
_d28891
001 15674535
003 EG-ScBUE
005 20201014130036.0
008 090326t2008 enk a f b 001 0 eng d
020 _a1902536479
020 _a9781902536477
035 _a(OCoLC)ocm51338422
040 _aCVM
_beng
_erda
_cCVM
_dOCLCQ
_dBRI
_dAU@
_dDLC
_dEG-ScBUE
082 0 4 _a621.31
_bWOU
_222
100 1 _aWoud, Hans Klein,
_eauthor.
245 1 0 _aDesign of propulsion and electric power generation systems /
_cHans Klein Woud, professor of marine engineering, Delft University of Technology, Douwe Stapersma, professor of marine engineering, Royal Netherlands, Naval College.
264 1 _aLondon :
_bIMarEST,
_c[2008]
264 4 _cc2008
300 _axviii, 494 pages :
_billustrations ;
_c25 cm
336 _2rdacontent
_atext
_btxt
337 _2rdamedia
_aunmediated
_bn
338 _2rdacarrier
_avolume
_bnc
504 _aIncludes bibliographical references and index.
505 0 _aNomenclature -- Introduction to marine engineering -- Underlying physical principles -- Propulsion and electric power -- Energy conversion -- Power plant concepts -- An overview of main machinery -- Diesel engines -- Gas turbines -- Electrical components -- Propellers -- Matching propulsion engine to propeller -- Ship fuel consumption and exhaust emission.
650 7 _aShip propulsion.
_2BUEsh
650 7 _aShips
_xFuel.
_2BUEsh
650 7 _aMarine engineering.
_2BUEsh
650 7 _aGas-turbine power-plants.
_2BUEsh
650 7 _aPropellers.
_2BUEsh
653 _bENGGEN
_cOctober2020
655 _vReading book
_934232
700 1 _aStapersma, Douwe,
_eauthor.
906 _a7
_bcbc
_ccopycat
_d2
_encip
_f20
_gy-gencatlg
942 _2ddc
_cBB